01728nam a2200289 i 450000100060000000300090000600500170001500700030003200800410003508000100007608000110008610000330009724500610013025001200019126000440031130000490035550507020040453000350110665000340114165000210117565000280119670000200122471000270124475200240127185200540129585600890134926549ES-MaACL20250816085941.0t|030109s1806 sp afi |||| | spa d a72.01 a730.021 aArfe y Villafañe, Juan de.10aVaria comensuración / cde Juan de Arfe y Villafañe. aNueva edición corregida, aumentada y mejorada con estampas finasbpor ... Josef Assensio y Torres y compañía. aMadrid : ben la Imprenta Real, c1806. a2 v. (97 lám. de grab.) : bil. ; c32 cm.8 aContiene: I ; tTratado de Geometría. Tratado de Gnomónica o Arte de construir toda especie de reloxes de sol. Tratado de Arquitectura. Tratado de medidas del cuerpo humano, su osteología, miología y modo de representar las figuras en escorzo - II ; tTratado de las dimensiones, coloridos y algunas propiedades de los animales quadrúpedos más principales y raros, así terrestres como anfibios. Tratado de las dimensiones, coloridos y propiedades de las aves más principales y conocidas. Tratado de las piezas de plata y oro destinadas en las iglesias para el servicio del Culto Divino. Apéndice a las obras de Juan de Arfe en el qual (sic) se trata de la ciencia heráldica... aDisponible en formato digital.04aArquitectura-xComposición.07aEscultura2embne 4aAnatomía artística.1 aAsensio, Josef.2 aImprenta Real (Madrid) aEspaña - dMadrid aES-MaACL jR-2703-04 xOlim: D-20-21cDEPO uhttp://bdh-rd.bne.es/viewer.vm?id=0000080039&page=1 zBiblioteca Digital Hispánica